[Event "Unterfranken-ch HA 44th"]
[Site "Rieneck"]
[Date "1993.??.??"]
[Round "5"]
[White "Hartlaub, Willi"]
[Black "Degering, Florian"]
[Result "0-1"]
[WhiteElo "1613"]
[BlackElo "1833"]
[PlyCount "51"]
[EventDate "1993.04.12"]
[EventType "swiss"]
[EventRounds "9"]
[EventCountry "GER"]
[SourceTitle "EXT 2015"]
[Source "ChessBase"]
[SourceDate "2014.11.20"]
[SourceVersion "1"]
[SourceVersionDate "2014.11.20"]
[SourceQuality "1"]

1. e4 e5 2. Nf3 Nc6 3. Bc4 Bc5 4. 0-0 d6 5. d3 Be6 6. Bxe6 fxe6 7. Be3 Bb6 8. Nbd2 Nf6 9. Nc4 0-0 10. c3 h6 11. Qb3 Qd7 12. Rad1 Rf7 13. Qa4 Re8 14. Nh4 Nh5 15. Rd2 Qe7 16. Nf3 Nf4 17. Bxf4 Rxf4 18. Nxb6 axb6 19. Qd1 Ref8 20. g3 Rxf3 21. Kg2 Qf6 22. Re2 Ne7 23. Re3 Rxe3 24. fxe3 Qxf1+ 25. Qxf1 Rxf1 26. Kxf1 0-1

[Event "Unterfranken-ch HA 44th"]
[Site "Rieneck"]
[Date "1993.??.??"]
[Round "3"]
[White "Hartlaub, Willi"]
[Black "Schoenmann, Norbert"]
[Result "1-0"]
[WhiteElo "1613"]
[BlackElo "1627"]
[PlyCount "63"]
[EventDate "1993.04.12"]
[EventType "swiss"]
[EventRounds "9"]
[EventCountry "GER"]
[SourceTitle "EXT 2015"]
[Source "ChessBase"]
[SourceDate "2014.11.20"]
[SourceVersion "1"]
[SourceVersionDate "2014.11.20"]
[SourceQuality "1"]

1. e4 c5 2. Nc3 d6 3. Nf3 Nf6 4. Bc4 a6 5. a3 e6 6. 0-0 b5 7. Ba2 Bb7 8. d3 Be7 9. Bf4 Nc6 10. e5 dxe5 11. Nxe5 0-0 12. Re1 Nd5 13. Nxd5 exd5 14. Nxc6 Bxc6 15. d4 Bf6 16. Be5 Bxe5 17. Rxe5 c4 18. c3 Qd6 19. Qd2 Rae8 20. Rae1 a5 21. Bb1 Rxe5 22. Rxe5 f6 23. Re3 Rb8 24. Rh3 h6 25. Qc2 Qf8 26. Qh7+ Kf7 27. Rxh6 Ke8 28. Rh3 Rb7 29. Re3+ Re7 30. Qh3 Kd8 31. Qg3 Kc8 32. Qd6 1-0

[Event "Unterfranken-ch HA 43th"]
[Site "Sailauf"]
[Date "1992.??.??"]
[Round "8"]
[White "Degering, Florian"]
[Black "Hartlaub, Willi"]
[Result "1-0"]
[WhiteElo "1596"]
[BlackElo "1613"]
[PlyCount "37"]
[EventDate "1992.04.20"]
[EventType "swiss"]
[EventRounds "9"]
[EventCountry "GER"]
[SourceTitle "EXT 2015"]
[Source "ChessBase"]
[SourceDate "2014.11.20"]
[SourceVersion "1"]
[SourceVersionDate "2014.11.20"]
[SourceQuality "1"]

1. e4 e5 2. Nf3 Nc6 3. Bb5 d6 4. d4 Bd7 5. d5 Nce7 6. Bxd7+ Qxd7 7. c4 Nf6 8. Nc3 g6 9. Bg5 Bg7 10. Qd2 c6 11. dxc6 bxc6 12. Rd1 Nc8 13. 0-0 Nh5 14. c5 f6 15. Be3 Bf8 16. Na4 d5 17. exd5 Be7 18. b4 f5 19. Nxe5 1-0

[Event "Unterfranken-ch HA 43th"]
[Site "Sailauf"]
[Date "1992.??.??"]
[Round "9"]
[White "Hartlaub, Willi"]
[Black "Neuburger, Irene"]
[Result "1/2-1/2"]
[WhiteElo "1613"]
[BlackElo "1325"]
[PlyCount "78"]
[EventDate "1992.04.20"]
[EventType "swiss"]
[EventRounds "9"]
[EventCountry "GER"]
[SourceTitle "EXT 2015"]
[Source "ChessBase"]
[SourceDate "2014.11.20"]
[SourceVersion "1"]
[SourceVersionDate "2014.11.20"]
[SourceQuality "1"]

1. e4 g6 2. Nf3 Bg7 3. c3 d6 4. d4 Nd7 5. Bc4 Ngf6 6. 0-0 0-0 7. Re1 Nb6 8. Bb3 Bg4 9. h3 Bxf3 10. Qxf3 e6 11. Bg5 Nbd7 12. e5 h6 13. Bxf6 Nxf6 14. exf6 Bxf6 15. Qxb7 Re8 16. Qf3 Bg7 17. Nd2 Qd7 18. Re2 Re7 19. Rae1 Rae8 20. Ne4 f5 21. Ng3 Kh8 22. Qb7 e5 23. dxe5 Bxe5 24. Nf1 g5 25. Qd5 c6 26. Qd1 f4 27. f3 h5 28. Qd3 g4 29. h4 Rg7 30. Nd2 Qe7 31. fxg4 Qxh4 32. Nf3 Qg3 33. gxh5 Rf8 34. Nxe5 f3 35. Ng6+ Rxg6 36. Qxg6 f2+ 37. Rxf2 Qxf2+ 38. Kh2 Qh4+ 39. Kg1 Qxe1+ 1/2-1/2